Wage determination and organized labour in India (Record no. 59768)

MARC details
000 -LEADER
fixed length control field 00710cam a22002411 4500
001 - CONTROL NUMBER
control field sa 64006558
003 - CONTROL NUMBER IDENTIFIER
control field DLC
005 - DATE AND TIME OF LATEST TRANSACTION
control field 20260227112040.0
008 - FIXED-LENGTH DATA ELEMENTS--GENERAL INFORMATION
fixed length control field 760401s1964 ii a b 000 0 eng
010 ## - LIBRARY OF CONGRESS CONTROL NUMBER
LC control number sa 64006558
015 ## - NATIONAL BIBLIOGRAPHY NUMBER
National bibliography number GB64-19153
035 ## - SYSTEM CONTROL NUMBER
System control number (OCoLC)2085375
040 ## - CATALOGING SOURCE
Original cataloging agency DLC
Transcribing agency OCU
Modifying agency Uk
-- DLC
050 00 - LIBRARY OF CONGRESS CALL NUMBER
Classification number HD5069
Item number .F6 1964
082 ## - DEWEY DECIMAL CLASSIFICATION NUMBER
Classification number 331.2954
100 1# - MAIN ENTRY--PERSONAL NAME
Personal name Fonseca, Aloysius Joseph.
245 10 - TITLE STATEMENT
Title Wage determination and organized labour in India
Statement of responsibility, etc. [by] A. J. Fonseca.
260 ## - PUBLICATION, DISTRIBUTION, ETC.
Place of publication, distribution, etc. [Bombay]
Name of publisher, distributor, etc. Oxford University Press, Indian Branch,
Date of publication, distribution, etc. 1964.
300 ## - PHYSICAL DESCRIPTION
Extent ix, 241 p.
Other physical details illus.
Dimensions 22 cm.
504 ## - BIBLIOGRAPHY, ETC. NOTE
Bibliography, etc. note Bibliography: p. 231-235.
650 #0 - SUBJECT ADDED ENTRY--TOPICAL TERM
Topical term or geographic name entry element Wages
Geographic subdivision India.
650 #0 - SUBJECT ADDED ENTRY--TOPICAL TERM
Topical term or geographic name entry element Labor unions
Geographic subdivision India.

No items available.

Powered by Koha